000 00325nam a22001337a 4500
008 170516b xxu||||| |||| 00| 0 eng d
020 _a9789280810837
041 _aeng
080 _a94
100 _a16
101 _aSHH
245 _aREGIONALISM, MULTILATERALISM, AND ECONOMIC INTEGRATION
_cSAMPSON, G.P
942 _2udc
_cBK
999 _c13392
_d13392